000 00501nam a2200181Ia 4500
005 20250423094743.0
008 250422s9999 xx 000 0 und d
020 _a9788185749983
050 _aTA 183 .U63/
100 _aUpadhyay, A K.
245 0 _aCivil estimating and costing (including quantity surveying, tredering and valuation)
260 _aNew Delhi
260 _bS. K. Kataria & Sons
260 _c2014
300 _a478 p
650 _a Engineering--Estimates.
942 _cBK
999 _c28190
_d28190